|
|
|
|
| LEADER |
00000nab a2200000uu 4500 |
| 001 |
vtls011536451 |
| 003 |
SK-MaSNL |
| 005 |
20260303205606.0 |
| 008 |
230131|1989 xo |||||||||||||||||slo| |
| 015 |
|
|
|a SNBRB
|
| 035 |
|
|
|a (urnnbn)urn:nbn:sk:snk:ar-0041wt
|
| 035 |
|
|
|a (uuid)6a7b533e-5e42-49ae-a682-df3b506b01a3
|
| 035 |
|
|
|a urn:nbn:sk:snk-abevmc
|
| 040 |
|
|
|a SNKBUCL
|b slo
|c SNKBUCL
|e AACR2
|
| 041 |
0 |
|
|a slo
|
| 044 |
|
|
|a xo
|c SK
|
| 100 |
1 |
|
|a Ďurková, Eva,
|d 1948-
|4 aut
|9 40238
|
| 245 |
1 |
0 |
|a GENOTYPOVÉ ROZDIELY V ZASTÚPENÍ FRAKCIÍ BIELKOVÍN V ZRNE OZIMNEJ PŠENICE
|c Eva Ďurková, Ivan Michalík, Ján Brindza
|
| 700 |
1 |
|
|a Michalík, Ivan,
|d 1936-
|4 aut
|9 107045
|
| 700 |
1 |
|
|a Brindza, Jan,
|d 1949-
|4 aut
|9 190637
|
| 773 |
0 |
|
|t Poľnohospodárstvo : časopis pre poľnohospodárske vedy
|g Roč. 35, č. 6 (1989), s. 481-492
|
| 954 |
|
|
|a odborná, vedecká literatúra pôvodná (slovenská)
|2 lita
|
| 958 |
|
|
|a OND
|
| 958 |
|
|
|a EUIPO
|
| 958 |
|
|
|a article22
|
| 999 |
|
|
|c 2196136
|d 2198066
|